Аналих человеческих факторов в целях повышения безопасности процессов; Нефтегазовые технологии; № 5

Podrobná bibliografie
Parent link:Нефтегазовые технологии: научно-технический журнал/ World Oil ; Pipe Line Industry ; Gulf Publishing Company.— , 1994-.— 0202-4578
№ 5.— 2003.— С. 48-51
Hlavní autor: Р. Бейбат
Další autoři: Дж. Хейт (переводчик), Липкин Г.
Jazyk:ruština
Vydáno: 2003
Edice:Переработка углеводородов
Témata:
Médium: MixedMaterials Kapitola
KOHA link:https://koha.lib.tpu.ru/cgi-bin/koha/opac-detail.pl?biblionumber=388651

MARC

LEADER 00000naa2a2200000 4500
001 388651
005 20231101063753.0
035 |a (RuTPU)RU\TPU\prd\19981 
090 |a 388651 
100 |a 20031125a2003 k y0rusy50 ca 
101 0 |a rus 
102 |a RU 
200 1 |a Аналих человеческих факторов в целях повышения безопасности процессов  |f Р. Бейбат, Дж. Хейт  |g Пер. Г. Липкин 
225 1 |a Переработка углеводородов 
461 1 |0 (RuTPU)RU\TPU\prd\1175  |x 0202-4578  |t Нефтегазовые технологии  |o научно-технический журнал  |f World Oil ; Pipe Line Industry ; Gulf Publishing Company  |d 1994- 
463 1 |0 (RuTPU)RU\TPU\prd\19233  |t № 5  |v С. 48-51  |d 2003 
610 1 |a безопасность процессов 
610 1 |a человеческий фактор 
610 1 |a анализ 
610 1 |a стандарты 
610 1 |a защитные слои 
700 1 |a Р. Бейбат 
701 1 |a Дж. Хейт 
702 1 |a Липкин  |b Г.  |4 730 
801 1 |a RU  |b 63413507  |c 20031125  |g PSBO 
801 2 |a RU  |b 63413507  |c 20120113  |g RCR 
942 |c BK